000
00286nam a22001217a 4500
008
170208b xxu||||| |||| 00| 0 eng d
041
_a
eng
080
_a
618.2
100
_a
2
101
_a
INF
245
_a
THE PROBLEM-ORIENTED SYSTEM IN NURSING
_c
VAUGHAN-WROBEL, B.C
942
_2
udc
_c
BK
999
_c
4870
_d
4870